000 00644nam a22001817a 4500
005 20240520131559.0
010 _aENG-140380
020 _c450.00
_a9789351045601
035 _aEN-123912
037 _bDBAD/PUB
082 _a920
245 _aK.R. Ramamani:
_cEdited by Mr. Vikram Vijayaragavan
_bRemembrance Of A Tax Legend/
260 _aChennai
_bSubbaraya Aiyar, Padmanabhan And Ramamani Advocates
270 _aSubbaraya Aiyar, Padmanabhan And Ramamani Advocates New No. 75A(Old no. 105A) Dr. Radhakrishna Salai, Mylapore,
_bChennai
300 _a575p.
_c25cm(Hb)
700 _966432
942 _2ddc
_cEN
_mVIK
_h920
999 _c203017
_d203017